000
00275nam a2200109Ia 4500
008
200302s9999 xx 000 0 und d
100
_a
Teiji Itoh & Other
245
_a
The Roots of Japanese Architecture
260
_b
Harper & Row Publishers
260
_c
9162
300
_a
207 P.,
999
_c
123
_d
123